Tort law: cavendish lawcards series. / (Record no. 2482)
[ view plain ]
| 000 -LEADER | |
|---|---|
| fixed length control field | 00591nam a22001817a 4500 |
| 008 - FIXED-LENGTH DATA ELEMENTS--GENERAL INFORMATION | |
| fixed length control field | 121101t xxu||||| |||| 00| 0 eng d |
| 020 ## - INTERNATIONAL STANDARD BOOK NUMBER | |
| International Standard Book Number | 1859415032 |
| 050 ## - LIBRARY OF CONGRESS CALL NUMBER | |
| Classification number | KD1949.C28 |
| 245 ## - TITLE STATEMENT | |
| Title | Tort law: cavendish lawcards series. / |
| 250 ## - EDITION STATEMENT | |
| Edition statement | 2nd ed. |
| 260 ## - PUBLICATION, DISTRIBUTION, ETC. | |
| Place of publication, distribution, etc. | London : |
| Name of publisher, distributor, etc. | Cavendish Publishing Limited, |
| Date of publication, distribution, etc. | 1999. |
| 300 ## - PHYSICAL DESCRIPTION | |
| Extent | 147 p. : |
| Other physical details | ill. ; |
| Dimensions | 12 cm. |
| 440 ## - SERIES STATEMENT/ADDED ENTRY--TITLE | |
| Title | Cavendish lawcards series. |
| 500 ## - GENERAL NOTE | |
| General note | Include index. |
| 505 ## - FORMATTED CONTENTS NOTE | |
| Formatted contents note | Contents: Negligence -- Occupiers' liability -- Torts relating to land -- General defences -- Remedies. |
| 650 ## - SUBJECT ADDED ENTRY--TOPICAL TERM | |
| Topical term or geographic name entry element | Law. |
| General subdivision | Tort. |
| 942 ## - ADDED ENTRY ELEMENTS (KOHA) | |
| Source of classification or shelving scheme | Library of Congress Classification |
| Koha item type | Books |
| Withdrawn status | Lost status | Source of classification or shelving scheme | Damaged status | Not for loan | Home library | Current library | Shelving location | Date acquired | Total Checkouts | Full call number | Barcode | Date last seen | Copy number | Price effective from | Koha item type |
|---|---|---|---|---|---|---|---|---|---|---|---|---|---|---|---|
| Library of Congress Classification | WISCONSIN INTERNATIONAL UNIVERSITY COLLEGE, GHANA - MAIN LIBRARY | WISCONSIN INTERNATIONAL UNIVERSITY COLLEGE, GHANA - MAIN LIBRARY | Law Library | 01/11/2012 | KD1949.C28 | 2693/043/19 | 01/11/2012 | 1 | 01/11/2012 | Books | |||||
| Library of Congress Classification | WISCONSIN INTERNATIONAL UNIVERSITY COLLEGE, GHANA - MAIN LIBRARY | WISCONSIN INTERNATIONAL UNIVERSITY COLLEGE, GHANA - MAIN LIBRARY | Law Library | 01/11/2012 | KD1949.C281 | 2694/044/19 | 01/11/2012 | 2 | 01/11/2012 | Books | |||||
| Library of Congress Classification | WISCONSIN INTERNATIONAL UNIVERSITY COLLEGE, GHANA - MAIN LIBRARY | WISCONSIN INTERNATIONAL UNIVERSITY COLLEGE, GHANA - MAIN LIBRARY | Law Library | 01/11/2012 | KD1949.C282 | 2695/045/19 | 01/11/2012 | 3 | 01/11/2012 | Books |
